| 000 | 00700cam a22002293a 4500 | ||
|---|---|---|---|
| 001 | 17655 | ||
| 003 | PGUSA | ||
| 005 | 20140828083357.0 | ||
| 008 | 060201s2006||||xxu|||||s|||||000 | eng d | ||
| 040 |
_aPGUSA _beng |
||
| 042 | _adc | ||
| 050 | 4 | _aD501 | |
| 100 | 1 |
_aMuir, Ward, _d1878-1927 |
|
| 245 | 1 | 0 |
_aObservations of an Orderly : _bSome Glimpses of Life and Work in an English War Hospital _h[electronic resource] / _cWard Muir |
| 260 |
_bProject Gutenberg, _c2006 |
||
| 506 | _aPublic domain in the USA. | ||
| 516 | _aElectronic text | ||
| 653 | _aWorld War, 1914-1918 -- Hospitals | ||
| 830 | 0 |
_aProject Gutenberg _v17655 |
|
| 856 | 4 | 0 | _uhttp://www.gutenberg.org/ebooks/17655 |
| 942 | _cEB | ||
| 999 |
_c246910 _d246910 |
||